000 01171pam a2200301 a 4500
001 597759
003 ARRUPE
005 20150416152027.0
008 910425r19911989ilua b 001 0 eng
010 _a 91018758
020 _a0226560473 (pbk.)
040 _aDLC
_cDLC
_dDLC
050 1 0 _aQE798
_b.M35 1991
082 0 0 _a564/.7
_220
100 1 _aMcKinney, Frank K.
_q(Frank Kenneth)
_916206
245 1 0 _aBryozoan evolution /
_cFrank K. McKinney and Jeremy B.C. Jackson.
250 _aUniversity of Chicago Press ed.
260 _aChicago :
_bUniversity of Chicago Press,
_c1991.
300 _axii, 238 p. :
_bill. ;
_c24 cm.
500 _aReprint. Originally published: Boston : Unwin & Hyman, 1989. Originally published in series: Special topics in palaeontology ; 2.
504 _aIncludes bibliographical references (p. [213]-232) and index.
650 0 _aBryozoa, Fossil.
_916207
650 0 _aEvolution.
_916208
700 1 _aJackson, Jeremy B. C.,
_d1942-
_916209
906 _a7
_bcbc
_corignew
_d1
_eocip
_f19
_gy-gencatlg
942 _2lcc
_cMONOGRAPH
999 _c122404
_d122404